000 00868cam a22002295a 4500
005 20091103014612.0
008 090911s2009 ii ab b 100 0 eng d
010 _aENG-95333
020 _a9788131307038
_c595..00
035 _aEN-78866
037 _aDBAD/PUB
040 _aDPL
_beng
082 _a488.0078
100 _aAhmad, Jameel
245 _aMedia technology and English language teaching
_cby Jameel Ahmad
260 _aNew Delhi :
_bAPH Publishing Corporation
_c2010
270 _a4435-36/7. Ansari road, Darya Ganj
_bNew Delhi
_e110002
300 _a xii, 196p.
_c22 cm. (Hb)
500 _aIncludes bibliographical references
942 _2ddc
_cEN
_mAHM
_h488.0078
999 _c31391
_d31391